Southville International School and Colleges
Your cart is empty.
  • Cart
  • Lists
    Public lists Eva Luna New books Lux_list list_1
    Your lists Log in to create your own lists
  • Log in to your account
  • Your cookies
  • Search history
Southville International School and Colleges
  • Advanced search
  • Recent comments
  • Most popular
  • Libraries

Log in to your account

Log in with GOOGLE


If you do not have an external account, but do have a local account, you can still log in:

  1. Home
  2. MARC view: The road to open and healthy schools :
Normal view MARC view ISBD view

The road to open and healthy schools : (Record no. 720)

[ view plain ]
MARC details
000 -LEADER
fixed length control field 01894pam a2200397 a 4500
001 - CONTROL NUMBER
control field 691653
003 - CONTROL NUMBER IDENTIFIER
control field OSt
005 - DATE AND TIME OF LATEST TRANSACTION
control field 20140310181637.0
008 - FIXED-LENGTH DATA ELEMENTS--GENERAL INFORMATION
fixed length control field 960919s1997 caua f 000 0 eng
010 ## - LIBRARY OF CONGRESS CONTROL NUMBER
LC control number 96035708
020 ## - INTERNATIONAL STANDARD BOOK NUMBER
International Standard Book Number 0803965400 (cloth : acidfree paper)
020 ## - INTERNATIONAL STANDARD BOOK NUMBER
International Standard Book Number 080396417X (pbk. : acidfree paper)
040 ## - CATALOGING SOURCE
Original cataloging agency DLC
Transcribing agency DLC
Modifying agency DLC
043 ## - GEOGRAPHIC AREA CODE
Geographic area code n-us---
050 00 - LIBRARY OF CONGRESS CALL NUMBER
Classification number LB 2822.5
Item number .H867 1997
082 00 - DEWEY DECIMAL CLASSIFICATION NUMBER
Classification number TR 372.12
Item number H69 1997
100 1# - MAIN ENTRY--PERSONAL NAME
Personal name Hoy, Wayne K.
245 14 - TITLE STATEMENT
Title The road to open and healthy schools :
Remainder of title a handbook for change /
Statement of responsibility, etc Wayne K. Hoy, C. John Tarter.
250 ## - EDITION STATEMENT
Edition statement Elementary and middle school ed.
260 ## - PUBLICATION, DISTRIBUTION, ETC. (IMPRINT)
Place of publication, distribution, etc London :
Name of publisher, distributor, etc Corwin Press,
Date of publication, distribution, etc c1997.
300 ## - PHYSICAL DESCRIPTION
Extent x, 116 p. :
Other physical details ill. ;
Dimensions 29 cm.
505 0# - FORMATTED CONTENTS NOTE
Formatted contents note Culture or climate : a useful distinction -- Open climates in elementary schools -- Healthy climates in elementary schools -- Open climates in middle schools -- Healthy climates in middle schools -- Improving school climate.
521 ## - TARGET AUDIENCE NOTE
Target audience note
541 ## - IMMEDIATE SOURCE OF ACQUISITION NOTE
-- 1
562 ## - COPY AND VERSION IDENTIFICATION NOTE
Number of copies 1
650 #0 - SUBJECT ADDED ENTRY--TOPICAL TERM
Topical term or geographic name as entry element Elementary school administration
Geographic subdivision United States
General subdivision Evaluation
-- Handbooks, manuals, etc.
650 #0 - SUBJECT ADDED ENTRY--TOPICAL TERM
Topical term or geographic name as entry element Middle schools
Geographic subdivision United States
General subdivision Administration
-- Evaluation
-- Handbooks, manuals, etc.
650 #0 - SUBJECT ADDED ENTRY--TOPICAL TERM
Topical term or geographic name as entry element School environment
Geographic subdivision United States
General subdivision Evaluation
-- Handbooks, manuals, etc.
650 #0 - SUBJECT ADDED ENTRY--TOPICAL TERM
Topical term or geographic name as entry element School improvement programs
Geographic subdivision United States
General subdivision Handbooks, manuals, etc.
700 1# - ADDED ENTRY--PERSONAL NAME
Personal name Tarter, Clemens John.
856 42 - ELECTRONIC LOCATION AND ACCESS
Materials specified Publisher description
Uniform Resource Identifier <a href="http://www.loc.gov/catdir/enhancements/fy0655/96035708-d.html">http://www.loc.gov/catdir/enhancements/fy0655/96035708-d.html</a>
856 41 - ELECTRONIC LOCATION AND ACCESS
Materials specified Table of contents only
Uniform Resource Identifier <a href="http://www.loc.gov/catdir/enhancements/fy0655/96035708-t.html">http://www.loc.gov/catdir/enhancements/fy0655/96035708-t.html</a>
906 ## - LOCAL DATA ELEMENT F, LDF (RLIN)
a 7
b cbc
c orignew
d 1
e ocip
f 19
g y-gencatlg
942 ## - ADDED ENTRY ELEMENTS (KOHA)
Source of classification or shelving scheme Library of Congress Classification
Koha item type
Call number prefix
Holdings
Withdrawn status Lost status Source of classification or shelving scheme Damaged status Home library Current library Shelving location Date acquired Total Checkouts Full call number Barcode Date last seen Copy number Price effective from Koha item type
    Library of Congress Classification   Luxembourg Library Luxembourg Library Teachers Reference Section 07/13/2013   LB 2822.5 .H867 1997 3409 08/13/2013 1 10/03/2013 Books

The road to open and healthy schools :

APA

Hoy W. K., Tarter C. J., . (1997). The road to open and healthy schools. London: Corwin Press.

Chicago

Hoy Wayne K, Tarter Clemens John, . 1997. The road to open and healthy schools. London: Corwin Press.

Harvard

Hoy W. K., Tarter C. J., . (1997). The road to open and healthy schools. London: Corwin Press.

MLA

Hoy Wayne K, Tarter Clemens John, . The road to open and healthy schools. London: Corwin Press. 1997.

  • Place hold
  • Print
  • Cite
  • Add to your cart (remove)
  • Save record
    BIBTEX Dublin Core MARCXML MARC (non-Unicode/MARC-8) MARC (Unicode/UTF-8) MARC (Unicode/UTF-8, Standard) MODS (XML) RIS
  • More searches
    Search for this title in:
    Other Libraries (WorldCat) Other Databases (Google Scholar) Online Stores (Bookfinder.com) Open Library (openlibrary.org)

Exporting to Dublin Core...

SOUTHVILLE LIBRARY

Southville International School and Colleges Library

1281 Tropical Ave. Cor. Luxembourg St., BF Homes International, Las Pinas City

Tel. No. 8256374 / 252358 Loc. 117/146

Powered by Koha